1237 1034 1028 1602 1246 1181 1411 1275 1393 1194 1422 1542 1619 1180 1702 1204 1612 1997 1600 1037 1382 1776 1921 1275 1299 1476 1261 1935 1924 1809 1664 1565 1252 1918 1160 1699 1174 1334 1527 1409 1079 1546 1902 1221 1594 1450 1043 1535 1576 1148 1408 1278 1323 1677 1222 1675 1971 1643 1701 1697 1894 1554 1161 1233 1542 1474 1230 1532 1364 1403 1294 1889 1299 1136 1395 1295 1979 1226 1939 1879 1842 1431 1104 1625 1171 1055 1106 1731 1476 1405 1699 1160 1550 1819 1847 1970 1049 1761 1363 BCNSPRNW ULIB Ver.6.0+V

เปลี่ยนเป็นภาษาไทย

Change to English
 แสดงรายละเอียดบรรณานุกรม
  กลับหน้าหลัก

Brief Record : Get Marc (ISO 2709) : E-mail record : QR code < ปิดหน้าต่าง
LEADER : 00000nam 2200000uu 4500
001    13399112273
003     ULIB
008    110530s2010||||th 000 0 eng d
020    1605474762
060 04 WB400^bD537E 2010
100 1  Diane Labus, Gale Thompson
245 10 ECG facts made incredibly quick /^cDiane Labus, Gale Thompson
250    1 ed
260    Philadelphia:^bWolters Kluwer/Lippincott Williams & Wilkins,^c2010
300    121 p. :^bill
650  2 ECG
945    ^p800^l0^i029078
945    ^p800^l0^i029079
995    Tossapron
999 ^a ใช้งานได้ทุกระบบ
รายการนี้ยังไม่มีแท็ก
คุณยังไม่ได้ล็อกอิน คุณสามารถมีกิจกรรมร่วมกับเว็บไซต์ได้ แต่ต้องล็อกอินก่อน ::
  ล็อกอิน

รายการสื่อสารสนเทศ

ลำดับที่ ประเภท เลขเรียก/บาร์โค้ด สถานที่ สถานะ
- ไม่พบข้อมูล -

รายการใกล้เคียง
    ผู้แต่ง [Diane Labus, Gale Thompson]

    หัวเรื่อง [ECG]

BibComment


ยังไม่เคยถูกคอมเมนท์

คอมเมนท์ทรัพยากรรายการนี้
  คอมเมนท์: ECG facts made in..


 Copyright 2026. Bcnsprnw @Library